Nico y Lina : La sexualidad al alcance de los niños (Registro nro. 47668)
[ vista simple ]
| 000 -LÍDER | |
|---|---|
| Campo fijo de descripción fija | 005720000a22001930004500 |
| 001 - NÚMERO DE CONTROL | |
| Campo de control | 425 |
| 003 - IDENTIFICADOR DEL NÚMERO DE CONTROL | |
| Campo de control | CO-MdFUSB |
| 005 - FECHA Y HORA DE LA ULTIMA TRANSACCIÓN | |
| control field | 20180709163833.0 |
| 008 - ELEMENTOS DE LONGITUD FIJA -- INFORMACIÓN GENERAL | |
| Campo fijo de descripción fija -- Información general | 180709b xxu||||| |||| 00| 0 eng d |
| 020 ## - NÚMERO INTERNACIONAL NORMALIZADO PARA LIBROS | |
| Número Internacional Normalizado del libro | 958-677-268-3 |
| 040 ## - FUENTE DE CATALOGACIÓN | |
| Agencia que realiza la transcripción | CO-MdBIC |
| 082 04 - NÚMERO DE CLASIFICACIÓN DECIMAL DEWEY | |
| Número de clasificación | 176 Z14ns |
| 100 1# - ASIENTO PRINCIPAL--NOMBRE PERSONAL | |
| Nombre personal | Elorza M, Gustavo de |
| 245 10 - TÍTULO | |
| Título del Material | Nico y Lina : La sexualidad al alcance de los niños |
| 260 ## - PUBLICACIÓN, DISTRIBUCIÓN, ETC. (PIE DE IMPRENTA) | |
| Lugar de publicación, distribución, etc. | Colombia : Zamora |
| 300 ## - DESCRIPCIÓN FÍSICA | |
| Extensión | 79 P. |
| 505 00 - NOTA DE CONTENIDO | |
| Nota de contenido con formato preestablecido | Tomo 1 : Identidad y crecimiento Tomo 2 : Sexualidad y responsabilidad Tomo 3 : Reproduccíon y vida Tomo 3a : Manual |
| 942 ## - TIPO DE MATERIAL (KOHA) | |
| Tipo de Item KOHA | Z- Libro General BINCO |
| Estado de Material | Estado de Perdido | Forma de Clasificación | Volumen-Parte/Tomo | Estado de Dañado | No para Préstamo | Colección | Tomo | Biblioteca de Origen | Biblioteca Permanente | Fecha de Adquisición | Total de Préstamos | Signatura Topográfica | Código de Barras | Última vez visto | Ejemplar/Existencia | Fecha de Remplazo | Tipo de Material |
|---|---|---|---|---|---|---|---|---|---|---|---|---|---|---|---|---|---|
| Dewey Decimal Classification | Colección de Referencia | 3 | Biblioteca Infantil Comunitaria BINCO | Biblioteca Infantil Comunitaria BINCO | 11/03/2006 | 176 Z14ns2 | B30190 | 24/11/2016 | 1 | 26/01/2016 | Z- Libros de Referencia BINCO | ||||||
| Dewey Decimal Classification | Colección de Referencia | 2 | Biblioteca Infantil Comunitaria BINCO | Biblioteca Infantil Comunitaria BINCO | 24/05/2006 | 176 Z14ns3 | B30994 | 24/11/2016 | 1 | 26/01/2016 | Z- Libros de Referencia BINCO | ||||||
| Dewey Decimal Classification | Colección de Referencia | 1 | Biblioteca Infantil Comunitaria BINCO | Biblioteca Infantil Comunitaria BINCO | 24/05/2006 | 176 Z14ns1 | B30993 | 24/11/2016 | 1 | 26/01/2016 | Z- Libros de Referencia BINCO | ||||||
| Colección de Referencia | Biblioteca Infantil Comunitaria BINCO | Biblioteca Infantil Comunitaria BINCO | 05/08/2006 | R 030 E168s | B30273 | 24/11/2016 | 1 | 26/01/2016 | Z- Libros de Referencia BINCO |
